| 000 | 00324nam a22001217a 4500 | ||
|---|---|---|---|
| 008 | 160521b xxu||||| |||| 00| 0 eng d | ||
| 020 | _a9780879015008 | ||
| 020 | _a0879015004 | ||
| 041 | _aeng | ||
| 080 | _a579 | ||
| 245 |
_aPrinciples of biochemistry: _cAlbert L. Lehninger; David L.Nelson; Michael M.Cox; |
||
| 942 |
_2udc _cBK |
||
| 999 |
_c2344 _d2344 |
||